| 000 | 00491nam a2200145Ia 4500 | ||
|---|---|---|---|
| 003 | OSt | ||
| 005 | 20260119122037.0 | ||
| 008 | 211028s2013 xx 000 0 und d | ||
| 040 | _cAIMIT LIBRARY | ||
| 041 | _aeng | ||
| 100 |
_aSuresh, Praveen; Kudtarkar, Ravi. _g1116121 _97062 |
||
| 245 | _aBusiness consultancy project at pepsico India strategy for achieving growth targer (expending retailer base in Mangalore region) / | ||
| 260 |
_aMangalore _bRavi Kudtarkar. _c2013 |
||
| 942 |
_2ddc _cPRO |
||
| 999 |
_c218632 _d218632 |
||